00727nam a2200193 a 450000500170000000800410001702000180005805000240007610000400010024500710014026000510021130000230026244000460028565000380033165000180036965000120038799900190039995201150041820140412111239.0001113s19uu xx 00 eng d a0-310-20841-6 aM 428.6bBe415 1979 aBeers, V. G. (Victor Gilbert), 1928 aDo you love me? /cby Gilbert Beers ; illustrated by Jan M. Jones. aGrand Rapids, MI :bZondervan Pub. Hse,c1976. a1 v. (unp.) ; ill. aLearning to Read from the Bible, primer 3 aReaders -- Bible Stories, English aBible stories aReaders c102619d102619 00104050aELbELcMd2000-11-13eDonationl0oM 428.6 Be415 1979pE2247r2014-04-12 00:00:00w2014-04-12yBK